000 00985naa a2200253 a 4500
003 BLK
005 20241106145014.0
007 ta
008 221104b bu |||||r|||| 00| | bu d
040 _aBLK
041 _aBUL
_cBUL
080 _aБългарска литература(изследвания)
_b821.163.2.09
_z821.163.2.09
100 _9271051
_aЧакъров, Михаил
245 _aТой остави повече от десет реда
_cМихаил Чакъров
300 _aс. 4
520 _a100 години от рождението на поета, драматурга, критика Никола Боздуганов. Снимка
653 _9193792
_aписатели
653 _9191565
_aмузиканти
653 _9195878
_aрусенци
773 _tУтро, № 208, 30 окт. 2024
_i. //
_w513804
856 _i0.00
_ldisable
942 _cSTA
_n0
944 _cВаля Йорданова
_k30558
_lВаля Йорданова
_a30558
999 _c521364
_d521364